Highlander: The Series Characters - Statistics

General Stats
  • This quiz has been taken 6 times
    3 since last reset
  • The average score is 5 of 16
Answer Stats
Episode Count Answer % Correct
117 episodes Duncan McLeod
100%
18 episodes Amanda
33%
14 episodes Anne Lindsey
33%
13 episodes Charlie DeSalvo
33%
5 episodes Darius
33%
7 episodes Hugh Fitzcairn
33%
12 episodes James Horton
33%
45 episodes Joe Dawson
33%
21 episodes Methos
33%
61 episodes Richie Ryan
33%
30 episodes Tessa Noël
33%
5 episodes Xavier St. Cloud
33%
5 episodes Kalas
0%
5 episodes Kronos
0%
10 episodes Maurice Lalonde
0%
6 episodes Randi McFarland
0%
No matching quizzes found
Score Distribution
Percent of People with Each Score
Percentile by Number Answered
Your Score History
You have not taken this quiz since the last reset